| 000 | 00343nam a22001217a 4500 | ||
|---|---|---|---|
| 008 | 140106b xxu||||| |||| 00| 0 eng d | ||
| 010 | _a92-8805 | ||
| 020 |
_a0070038430 _cAvailable |
||
| 082 |
_a355.41107BAR _b02507 |
||
| 100 | _gHB,328p | ||
| 245 |
_aLogistics Support Traning Design Development _cBarnes Teddy A |
||
| 260 |
_aUSA _bMcGraw-Hill _c1992 |
||
| 999 |
_c23763 _d23763 |
||